| 000 | 00660nam a22001937a 4500 | ||
|---|---|---|---|
| 003 | OSt | ||
| 005 | 20180116183042.0 | ||
| 008 | 160223b xxu||||| |||| 00| 0 eng d | ||
| 020 | _a16-294-2013-2 | ||
| 024 | _216-294-2013-2 | ||
| 040 | _cLahore University of Management Sciences | ||
| 082 | _a174.4 LUM 2013 | ||
| 100 | _aQADEER M, BUTT AN | ||
| 245 |
_aTHE EDUCATION SECTOR OF PAKISTAN: CREATING EQUAL OPPORTUNITIES FOR ALL _cQADEER M, BUTT AN |
||
| 260 |
_aLahore _bLahore University of Management Sciences _c2013 |
||
| 300 |
_a32 p. _bPapers |
||
| 440 | _aTHE EDUCATION SECTOR OF PAKISTAN: CREATING EQUAL OPPORTUNITIES FOR ALL | ||
| 942 |
_2ddc _cCS |
||
| 999 |
_c351271 _d351271 |
||